| 000 | 00000nam##2200000za#4500 |
| 001 | 9.590375 |
| 003 | CaOODSP |
| 005 | 20210624200109 |
| 007 | cr ||||||||||| |
| 008 | 150406|1973||||xxc|||||o f|0| 0 eng|d |
| 040 | |aCaOODSP|beng |
| 041 | |aeng |
| 041 | |afre |
| 043 | |an-cn--- |
| 086 | 1 |aS52-2/147-1-1978-PDF |
| 110 | 1 |aCanada. |bPublic Works and Government Services Canada. |bTranslation Bureau. |
| 245 | 10|aGeneral vocabulary (A-C) |h[electronic resource] |
| 260 | |aOttawa - Ontario : |bPublic Works and Government Services Canada. |cc1973, reprinted 1978, 1980. |
| 300 | |a277p. |
| 490 | 1 |aTerminology bulletin |vNo. 147-1 |
| 500 | |aDigitized edition from print. 7 volume set. [Produced by Publishing and Depository Services, 2014.] On t.p.: Translation Bureau. Terminology and Documentation Directorate. |
| 590 | |a14-22-Supp|b2014-12-24 |
| 792 | |tVocabulaire général (A-C) |efre|w(CaOODSP)9.590376 |
| 830 | #0|aTerminology bulletin ;|vNo. 147-1|w(CaOODSP)9.500139 |
| 856 | 40|ahttp://publications.gc.ca|qPDF|s5218 KB|uhttps://publications.gc.ca/collections/collection_2014/tpsgc-pwgsc/S52-2-147-1-1978.pdf|yNo. 147-1 |